Vivimos una revolución

Wedi'i Gadw mewn:
Manylion Llyfryddiaeth
Prif Awdur: Huxley, Julian
Fformat: Llyfr
Iaith:Undetermined
Cyhoeddwyd: Buenos Aires, Argentina Sudamericana 1945
Pynciau:
Tagiau: Ychwanegu Tag
Dim Tagiau, Byddwch y cyntaf i dagio'r cofnod hwn!

MARC

LEADER 00000nam a2200000Ia 4500
008 170316s9999 xx 000 0 und d
090 |a 100 H-39v 
100 |a Huxley, Julian 
245 |a Vivimos una revolución 
260 |a Buenos Aires, Argentina 
260 |b Sudamericana 
260 |c 1945 
300 |a 321 páginas 
650 |a FILOSOFÍA 
999 |c 16544  |d 16544 
040 |a cru BVZT 
942 |c 15 D  |h 100 H-39v  |2 z